000 00938cam a2200253 a 4500
001 15308495
005 20241108170320.0
008 080528s2009 caua b 001 0 eng
020 _a9781412954525 (cloth)
020 _a1412954525 (cloth)
020 _a9781412954532 (pbk.)
020 _a1412954533 (pbk.)
050 0 0 _aHD57.7
_b.C6665 2009
082 0 0 _a658.4/092
_222
245 0 0 _aContemporary leadership and intercultural competence :
_bexploring the cross-cultural dynamics within organizations /
_cMichael A. Moodian, editor.
260 _aLos Angeles :
_bSAGE,
_cc2009.
300 _axii, 299 p. :
_bill. ;
_c26 cm.
650 0 _aLeadership
_vCross-cultural studies.
650 0 _aOrganizational behavior
_vCross-cultural studies.
650 0 _aIntercultural communication.
700 1 _aMoodian, Michael A.
856 4 1 _3Table of contents only
_uhttp://www.loc.gov/catdir/toc/ecip0819/2008022450.html
942 _2lcc
_cBK
_n0
999 _c924
_d924